000 00377nam a2200145Ia 4500
008 150201s2008 xx 000 0 und d
082 _a80
_bR2008K
100 _aKOTHARI,C.R
245 _aRESEARCH METHODOLOGY
250 _a1ST
260 _bNEW AGE INTERNATIONAL PUBLISHERS
_aDELHI
_c2008
300 _a1-401
650 _aPREVENTIVE AND COMMUNITY DENTISTRY
942 _2ddc
_cBK
999 _c3881
_d3881